000 00254nam a22001097a 4500
008 131217t xxu||||| |||| 00| 0 eng d
020 _a978-0-00-711926-4
100 _aAgatha Christie
_9434
245 _aEvil under the sun
300 _a340
942 _2ddc
_cBK
999 _c16705
_d16705